000 00478nam a2200181Ia 4500
001 24981
005 20260414151119.0
008 260414t2009||||xx |||||||||||||| ||spa||
041 _aESP
082 _a346.04
_bO83
100 _aOsterling Parodi, Felipe [1932-...]
_eAUT
245 0 _aLibro de ponencias del IVº congreso nacional de derecho civil
_b
260 _c2009
300 _a236 páginas :
_c24 cm.
650 _aDER
654 _aCDE
942 _cLIB
_dJUS
_fJUS
_2ddc
_n
999 _c24981
_d24981